El Obrador de Blas de Abila. Maestro platero del siglo XVIII en Santiago de Guatemala (Record no. 8797)

MARC details
000 -CABECERA
campo de control de longitud fija 00949nam a2200241 a 4500
001 - NÚMERO DE CONTROL
campo de control BRCA_9150
005 - FECHA Y HORA DE LA ÚLTIMA TRANSACCIÓN
campo de control 20190320210534.0
008 - DATOS DE LONGITUD FIJA--INFORMACIÓN GENERAL
campo de control de longitud fija 231018s2018----gt-a######---#000-0#spa-#
020 ## - NÚMERO INTERNACIONAL ESTÁNDAR DEL LIBRO
Número Internacional Estándar del Libro 9789929738737
041 ## - CÓDIGO DE LENGUA
Código de lengua del texto/banda sonora o título independiente spa
044 ## - CÓDIGO DEL PAÍS DE LA ENTIDAD EDITORA/PRODUCTORA
Código MARC del país gt
050 #4 - SIGNATURA TOPOGRÁFICA DE LA BIBLIOTECA DEL CONGRESO
Número de clasificación NK7118
Número de documento/Ítem .M96 2018
100 1# - ENTRADA PRINCIPAL--NOMBRE DE PERSONA
Nombre de persona Muñoz Paz, María del Carmen
9 (RLIN) 22562
245 10 - MENCIÓN DE TÍTULO
Título El Obrador de Blas de Abila. Maestro platero del siglo XVIII en Santiago de Guatemala
Mención de responsabilidad, etc. María del Carmen Muñoz Paz.
260 ## - PUBLICACIÓN, DISTRIBUCIÓN, ETC.
Lugar de publicación, distribución, etc. Guatemala
Nombre del editor, distribuidor, etc. Universidad de San Carlos de Guatemala, Dirección General de Investigación, Centro de Estudios Urbanos y Regionales
Fecha de publicación, distribución, etc. 2018
300 ## - DESCRIPCIÓN FÍSICA
Extensión xv, 107 p.
Otras características físicas il. (algunas a color)
Dimensiones 23 cm.
504 ## - NOTA DE BIBLIOGRAFÍA, ETC.
Nota de bibliografía, etc. Bibliografía : p. 104-107
650 14 - PUNTO DE ACCESO ADICIONAL DE MATERIA--TÉRMINO DE MATERIA
Término de materia o nombre geográfico como elemento de entrada Trabajos en plata
Subdivisión cronológica Siglo XVIII
9 (RLIN) 22563
650 14 - PUNTO DE ACCESO ADICIONAL DE MATERIA--TÉRMINO DE MATERIA
Término de materia o nombre geográfico como elemento de entrada platería colonial
9 (RLIN) 22564
650 14 - PUNTO DE ACCESO ADICIONAL DE MATERIA--TÉRMINO DE MATERIA
Término de materia o nombre geográfico como elemento de entrada Maestros plateros
Subdivisión cronológica Siglo XVIII
Subdivisión geográfica Guatemala
9 (RLIN) 22565
650 14 - PUNTO DE ACCESO ADICIONAL DE MATERIA--TÉRMINO DE MATERIA
Término de materia o nombre geográfico como elemento de entrada Platería religiosa
Subdivisión cronológica Siglo XVIII
Subdivisión geográfica Guatemala
9 (RLIN) 22566
942 ## - ELEMENTOS DE PUNTO DE ACCESO ADICIONAL (KOHA)
Fuente del sistema de clasificación o colocación Library of Congress Classification
Tipo de ítem Koha Libros
Holdings
Estado de retiro Estado de pérdida Estado dañado No para préstamo Localización permanente Ubicación/localización actual Fecha de adquisición Total de préstamos Signatura topográfica completa Código de barras Fecha visto por última vez Precio válido a partir de Tipo de ítem Koha
El ejemplar forma parte de la colección y puede ser consultado según las políticas vigentes.       Biblioteca del Museo Franz Mayer (Rogerio Casas-Alatriste) Biblioteca del Museo Franz Mayer (Rogerio Casas-Alatriste) 29/06/2018   NK7118 .M96 2018 03005 22/03/2019 22/03/2019 Libros